000 00604nam a2200241 a 4500
001 0001-1021
003 ELIB.Books
008 141029 2010 eng
020 _a9627250147
035 _a(ELIB.Books)0001-1175
092 _a232
_bCun
100 _aCunanan, Jose P. M.
245 _aJesus, the Organizer
260 _aHong Kong
_bChristian Conference of Asia
_c1994
300 _a113
_c21 Cm
500 _aLibrary
650 _aJesus Christ
856 _nKBTS; Library
_uKBTS; Elib.
942 _2ddc
_cBK
990 _a1
998 _cbat
_e2014-10-29
999 _c11021
_d11021